[Event "ODJM C 2025"]
[Site "Willingen GER"]
[Date "2025.06.08"]
[Round "2"]
[White "Kutz, Henning Jasper"]
[Black "Holzhäuser, Thibaut Lautaro"]
[Result "1-0"]
[Termination "normal"]
[Board "20"]
[WhiteElo "1552"]
[BlackElo "1035"]
[WhiteClock "01:03:07"]
[BlackClock "01:13:10"]
[PlyCount "55"]
[WhiteFideId "34612882"]
[BlackFideId "34679731"]
[EventCountry "GER"]
[EventRounds "9"]
[EventType "swiss"]
[EventDate "2025.06.07"]

1. e4 {[%clk 01:30:59]} {[%emt 00:00:02]} e6 {[%clk 01:30:51]} {[%emt
00:00:08]} 2. d4 {[%clk 01:31:23]} {[%emt 00:00:08]} d5 {[%clk 01:31:17]} 3. e5
{[%clk 01:31:49]} {[%emt 00:00:05]} c5 {[%clk 01:31:42]} {[%emt 00:00:06]} 4.
c3 {[%clk 01:32:12]} {[%emt 00:00:06]} Nc6 {[%clk 01:32:04]} {[%emt 00:00:07]}
5. Nf3 {[%clk 01:32:26]} {[%emt 00:00:16]} cxd4 {[%clk 01:31:14]} {[%emt
00:01:23]} 6. cxd4 {[%clk 01:32:50]} {[%emt 00:00:04]} Bb4+ {[%clk 01:31:32]}
{[%emt 00:00:12]} 7. Nc3 {[%clk 01:32:59]} {[%emt 00:00:21]} h6 {[%clk
01:31:13]} {[%emt 00:00:48]} 8. Bb5 {[%emt 00:01:52]} Bd7 {[%clk 01:29:38]}
{[%emt 00:00:52]} 9. O-O {[%clk 01:32:28]} {[%emt 00:00:54]} Nge7 {[%clk
01:26:16]} {[%emt 00:03:50]} 10. a3 {[%clk 01:32:33]} {[%emt 00:00:26]} Ba5
{[%clk 01:26:40]} {[%emt 00:00:06]} 11. Ne2 {[%clk 01:30:35]} {[%emt 00:02:28]}
Qc7 {[%clk 01:22:35]} {[%emt 00:04:34]} 12. Ng3 {[%clk 01:30:10]} {[%emt
00:00:56]} O-O-O {[%clk 01:21:00]} {[%emt 00:02:05]} 13. Be3 {[%clk 01:28:42]}
{[%emt 00:01:58]} Nf5 {[%clk 01:18:39]} {[%emt 00:02:51]} 14. Bxc6 {[%clk
01:28:06]} {[%emt 00:01:06]} bxc6 {[%clk 01:18:55]} {[%emt 00:00:14]} 15. Nxf5
{[%clk 01:28:15]} {[%emt 00:00:21]} exf5 {[%clk 01:19:14]} {[%emt 00:00:11]}
16. Qd3 {[%clk 01:26:59]} {[%emt 00:01:47]} g5 {[%clk 01:18:48]} {[%emt
00:00:56]} 17. g3 {[%clk 01:21:23]} {[%emt 00:06:06]} Rdg8 {[%clk 01:17:14]}
{[%emt 00:02:02]} 18. Qa6+ {[%clk 01:20:21]} {[%emt 00:01:33]} Kb8 {[%clk
01:17:16]} {[%emt 00:00:29]} 19. Kh1 {[%clk 01:20:12]} {[%emt 00:00:38]} Rg6
{[%clk 01:16:26]} {[%emt 00:01:13]} 20. e6 {[%clk 01:18:49]} {[%emt 00:02:00]}
Bxe6 {[%clk 01:15:43]} {[%emt 00:01:12]} 21. Ne5 {[%clk 01:17:09]} {[%emt
00:02:11]} Rf6 {[%clk 01:15:39]} {[%emt 00:00:34]} 22. Nxc6+ {[%clk 01:16:37]}
{[%emt 00:01:02]} Ka8 {[%clk 01:15:26]} {[%emt 00:00:43]} 23. Nxa5 {[%clk
01:16:27]} {[%emt 00:00:41]} f4 {[%clk 01:15:09]} {[%emt 00:00:47]} 24. Rac1
{[%clk 01:14:22]} {[%emt 00:02:35]} Qe7 {[%clk 01:14:23]} {[%emt 00:01:07]} 25.
Bd2 {[%clk 01:10:33]} {[%emt 00:04:28]} Bh3 {[%clk 01:13:59]} {[%emt 00:00:53]}
26. Qb5 {[%clk 01:03:58]} {[%emt 00:07:06]} Rb6 {[%clk 01:12:48]} {[%emt
00:01:40]} 27. Qxd5+ {[%clk 01:03:42]} {[%emt 00:00:46]} Kb8 {[%clk 01:13:10]}
{[%emt 00:00:08]} 28. Nc6+ {[%clk 01:03:07]} {[%emt 00:01:05]} 1-0

[Event "ODJM C 2025"]
[Site "Willingen GER"]
[Date "2025.06.08"]
[Round "2"]
[White "Eichner, Willi"]
[Black "Schmidt, Eric"]
[Result "0-1"]
[Termination "normal"]
[Board "22"]
[WhiteElo "987"]
[BlackElo "1636"]
[WhiteClock "01:12:40"]
[BlackClock "01:32:00"]
[PlyCount "96"]
[WhiteFideId "533043787"]
[BlackFideId "34695419"]
[EventCountry "GER"]
[EventRounds "9"]
[EventType "swiss"]
[EventDate "2025.06.07"]

1. e4 {[%clk 01:30:59]} c6 {[%clk 01:30:55]} {[%emt 00:00:07]} 2. d4 {[%clk
01:31:23]} {[%emt 00:00:06]} d5 {[%clk 01:31:22]} {[%emt 00:00:05]} 3. Nc3
{[%clk 01:31:48]} {[%emt 00:00:01]} dxe4 {[%clk 01:31:45]} {[%emt 00:00:07]} 4.
Nxe4 {[%clk 01:32:02]} {[%emt 00:00:16]} Bf5 {[%clk 01:32:11]} {[%emt
00:00:04]} 5. Bd3 {[%clk 01:32:13]} {[%emt 00:00:25]} Qxd4 {[%clk 01:32:33]}
{[%emt 00:00:03]} 6. Nf3 {[%clk 01:32:05]} {[%emt 00:00:36]} Qd8 {[%clk
01:32:20]} {[%emt 00:00:44]} 7. Bf4 {[%clk 01:31:31]} {[%emt 00:01:00]} e6
{[%clk 01:32:33]} {[%emt 00:00:21]} 8. O-O {[%clk 01:31:19]} {[%emt 00:00:43]}
Nf6 {[%clk 01:32:53]} {[%emt 00:00:09]} 9. Nc3 {[%clk 01:31:16]} {[%emt
00:00:32]} Bxd3 {[%clk 01:33:03]} {[%emt 00:00:21]} 10. cxd3 {[%clk 01:31:32]}
{[%emt 00:00:13]} Bd6 {[%clk 01:33:08]} {[%emt 00:00:25]} 11. Bd2 {[%clk
01:31:14]} {[%emt 00:00:46]} O-O {[%clk 01:33:19]} {[%emt 00:00:22]} 12. Qc1
{[%clk 01:31:21]} {[%emt 00:00:21]} Qc7 {[%clk 01:33:14]} {[%emt 00:00:36]} 13.
Bg5 {[%clk 01:31:25]} {[%emt 00:00:25]} Ng4 {[%clk 01:33:21]} {[%emt 00:00:25]}
14. g3 {[%clk 01:31:25]} {[%emt 00:00:29]} Be7 {[%clk 01:32:38]} {[%emt
00:01:13]} 15. Bf4 {[%clk 01:31:32]} {[%emt 00:00:24]} Qd8 {[%clk 01:32:37]}
{[%emt 00:00:31]} 16. Qd2 {[%clk 01:31:20]} {[%emt 00:00:42]} Nd7 {[%clk
01:32:34]} {[%emt 00:00:33]} 17. Rad1 {[%clk 01:31:23]} {[%emt 00:00:25]} Bb4
{[%clk 01:32:23]} {[%emt 00:00:43]} 18. Rfe1 {[%clk 01:31:19]} {[%emt
00:00:34]} Qb6 {[%clk 01:32:29]} {[%emt 00:00:23]} 19. a3 {[%clk 01:30:39]}
{[%emt 00:01:11]} Bxc3 {[%clk 01:32:52]} {[%emt 00:00:07]} 20. bxc3 {[%clk
01:30:42]} {[%emt 00:00:27]} Rfd8 {[%clk 01:32:49]} {[%emt 00:00:34]} 21. Qc2
{[%clk 01:29:46]} {[%emt 00:01:26]} Nc5 {[%clk 01:32:55]} {[%emt 00:00:23]} 22.
d4 {[%clk 01:29:32]} {[%emt 00:00:45]} Nd7 {[%clk 01:31:41]} {[%emt 00:01:44]}
23. Rb1 {[%clk 01:28:58]} {[%emt 00:01:04]} Qa6 {[%clk 01:31:27]} {[%emt
00:00:44]} 24. a4 {[%clk 01:28:52]} {[%emt 00:00:36]} c5 {[%clk 01:30:56]}
{[%emt 00:01:02]} 25. Ng5 {[%clk 01:27:05]} {[%emt 00:02:15]} Ngf6 {[%clk
01:30:55]} {[%emt 00:00:32]} 26. Qb3 {[%clk 01:26:09]} {[%emt 00:01:21]} b6
{[%clk 01:30:26]} {[%emt 00:01:05]} 27. Nxf7 {[%clk 01:24:25]} {[%emt
00:02:12]} c4 {[%clk 01:27:53]} {[%emt 00:03:04]} 28. Qb5 {[%clk 01:24:38]}
{[%emt 00:00:12]} Qxb5 {[%clk 01:28:11]} {[%emt 00:00:17]} 29. Rxb5 {[%clk
01:24:29]} {[%emt 00:00:39]} Kxf7 {[%clk 01:28:26]} {[%emt 00:00:15]} 30. Bd6
{[%clk 01:23:58]} {[%emt 00:01:01]} Nd5 {[%clk 01:27:59]} {[%emt 00:00:57]} 31.
Rc1 {[%clk 01:20:08]} {[%emt 00:04:15]} N7f6 {[%clk 01:27:43]} {[%emt
00:00:51]} 32. Be5 {[%clk 01:18:59]} {[%emt 00:01:38]} Ne4 {[%clk 01:27:35]}
{[%emt 00:00:37]} 33. f3 {[%emt 00:00:22]} Nexc3 {[%emt 00:00:23]} 34. Kf2
{[%clk 01:16:51]} {[%emt 00:01:52]} Nxb5 {[%clk 01:27:54]} {[%emt 00:00:14]}
35. axb5 {[%clk 01:17:01]} {[%emt 00:00:20]} Rac8 {[%clk 01:28:03]} {[%emt
00:00:21]} 36. Ra1 {[%clk 01:16:53]} {[%emt 00:00:36]} Rd7 {[%clk 01:28:11]}
{[%emt 00:00:24]} 37. Rc1 {[%clk 01:15:41]} {[%emt 00:01:42]} c3 {[%clk
01:28:33]} {[%emt 00:00:08]} 38. Ke2 {[%clk 01:15:28]} {[%emt 00:00:42]} Nb4
{[%clk 01:28:47]} {[%emt 00:00:17]} 39. f4 {[%clk 01:14:17]} {[%emt 00:01:41]}
Na2 {[%clk 01:29:04]} {[%emt 00:00:12]} 40. Rc2 {[%clk 01:14:27]} {[%emt
00:00:21]} Nb4 {[%clk 01:29:28]} {[%emt 00:00:07]} 41. Rc1 {[%clk 01:14:41]}
{[%emt 00:00:15]} c2 {[%clk 01:29:49]} {[%emt 00:00:09]} 42. Kd2 {[%clk
01:14:21]} {[%emt 00:00:51]} Rd5 {[%clk 01:29:59]} {[%emt 00:00:19]} 43. Ra1
{[%clk 01:14:15]} {[%emt 00:00:34]} Na2 {[%clk 01:30:11]} {[%emt 00:00:20]} 44.
Rc1 {[%clk 01:14:26]} {[%emt 00:00:17]} Nxc1 {[%clk 01:30:37]} {[%emt
00:00:07]} 45. Kxc1 {[%clk 01:14:19]} {[%emt 00:00:35]} Rxb5 {[%clk 01:31:03]}
{[%emt 00:00:05]} 46. Kd2 {[%clk 01:12:38]} {[%emt 00:02:11]} c1=Q+ {[%clk
01:31:24]} {[%emt 00:00:08]} 47. Ke2 {[%clk 01:12:55]} {[%emt 00:00:12]} Rb3
{[%clk 01:31:38]} {[%emt 00:00:19]} 48. Kf2 {[%clk 01:12:40]} {[%emt 00:00:43]}
Rc2# {[%clk 01:32:00]} {[%emt 00:00:10]} 0-1

[Event "ODJM C 2025"]
[Site "Willingen GER"]
[Date "2025.06.08"]
[Round "2"]
[White "Wolf, Anna"]
[Black "Ruddat, Merja"]
[Result "1-0"]
[Termination "normal"]
[Board "23"]
[WhiteElo "1488"]
[BlackElo "999"]
[WhiteClock "00:52:36"]
[BlackClock "00:32:11"]
[PlyCount "53"]
[WhiteFideId "34616993"]
[BlackFideId "34660577"]
[EventCountry "GER"]
[EventRounds "9"]
[EventType "swiss"]
[EventDate "2025.06.07"]

1. e4 {[%clk 01:30:55]} {[%emt 00:00:04]} e5 {[%clk 01:30:52]} {[%emt
00:00:13]} 2. Nf3 {[%clk 01:31:15]} {[%emt 00:00:05]} Nc6 {[%clk 01:31:07]}
{[%emt 00:00:16]} 3. Bc4 {[%clk 01:31:36]} {[%emt 00:00:10]} Bc5 {[%clk
01:31:28]} {[%emt 00:00:09]} 4. b4 {[%clk 01:31:57]} {[%emt 00:00:15]} Bxb4
{[%clk 01:31:11]} {[%emt 00:00:41]} 5. c3 {[%clk 01:29:06]} {[%emt 00:03:20]}
Ba5 {[%clk 01:31:01]} {[%emt 00:00:41]} 6. d4 {[%clk 01:29:24]} {[%emt
00:00:11]} exd4 {[%clk 01:30:38]} {[%emt 00:00:54]} 7. Qb3 {[%clk 01:29:21]}
{[%emt 00:00:33]} Qf6 {[%clk 01:24:59]} {[%emt 00:06:09]} 8. O-O {[%clk
01:29:04]} {[%emt 00:00:46]} Nge7 {[%clk 01:18:45]} {[%emt 00:06:45]} 9. Re1
{[%clk 01:25:40]} {[%emt 00:03:54]} O-O {[%clk 01:15:44]} {[%emt 00:03:30]} 10.
h3 {[%clk 01:19:28]} {[%emt 00:06:43]} dxc3 {[%clk 01:12:45]} {[%emt 00:03:29]}
11. e5 {[%clk 01:19:32]} {[%emt 00:00:25]} Qg6 {[%clk 01:08:38]} {[%emt
00:04:38]} 12. Nxc3 {[%clk 01:15:22]} {[%emt 00:04:40]} d6 {[%clk 01:05:02]}
{[%emt 00:04:06]} 13. Re3 {[%clk 01:08:12]} {[%emt 00:07:40]} Be6 {[%clk
01:00:28]} {[%emt 00:05:04]} 14. Bxe6 {[%clk 01:05:41]} {[%emt 00:03:00]} fxe6
{[%clk 00:59:45]} {[%emt 00:01:14]} 15. exd6 {[%clk 01:05:39]} {[%emt
00:00:32]} cxd6 {[%clk 00:58:27]} {[%emt 00:01:48]} 16. Rxe6 {[%clk 01:04:59]}
{[%emt 00:01:09]} Rf6 {[%clk 00:56:33]} {[%emt 00:02:25]} 17. Rxe7+ {[%clk
01:02:22]} {[%emt 00:03:07]} Rf7 {[%clk 00:54:08]} {[%emt 00:05:48]} 18. Re6
{[%clk 01:04:15]} {[%emt 00:00:35]} Qd3 {[%clk 00:48:55]} {[%emt 00:05:43]} 19.
Bb2 {[%clk 01:00:32]} {[%emt 00:04:14]} b6 {[%clk 00:45:22]} {[%emt 00:04:03]}
20. Rae1 {[%clk 00:58:39]} {[%emt 00:02:23]} Kh8 {[%clk 00:41:27]} {[%emt
00:04:25]} 21. Re8+ {[%clk 00:56:30]} {[%emt 00:02:38]} Rf8 {[%clk 00:39:31]}
{[%emt 00:02:26]} 22. Qf7 {[%clk 00:55:50]} {[%emt 00:01:11]} Raxe8 {[%clk
00:35:16]} {[%emt 00:04:46]} 23. Rxe8 {[%clk 00:55:34]} {[%emt 00:00:45]} h6
{[%clk 00:34:44]} {[%emt 00:01:02]} 24. Qxf8+ {[%clk 00:54:13]} {[%emt
00:01:51]} Kh7 {[%clk 00:32:54]} {[%emt 00:02:18]} 25. Qg8+ {[%clk 00:53:57]}
{[%emt 00:00:47]} Kg6 {[%clk 00:33:03]} {[%emt 00:00:21]} 26. Re6+ {[%clk
00:53:00]} {[%emt 00:01:27]} Kf5 {[%clk 00:32:11]} {[%emt 00:01:23]} 27. Qf7#
{[%clk 00:52:36]} {[%emt 00:00:10]} 1/2-1/2

[Event "ODJM C 2025"]
[Site "Willingen GER"]
[Date "2025.06.08"]
[Round "2"]
[White "Richter, Mila"]
[Black "Prokscha, Kilian"]
[Result "1-0"]
[Termination "normal"]
[Board "24"]
[WhiteElo "1231"]
[BlackElo "970"]
[WhiteClock "01:17:23"]
[BlackClock "01:15:39"]
[PlyCount "91"]
[WhiteFideId "533025568"]
[BlackFideId "533002843"]
[EventCountry "GER"]
[EventRounds "9"]
[EventType "swiss"]
[EventDate "2025.06.07"]

1. e4 {[%clk 01:30:59]} {[%emt 00:00:02]} c6 {[%clk 01:30:55]} {[%emt
00:00:05]} 2. d4 {[%clk 01:31:21]} {[%emt 00:00:12]} d5 {[%clk 01:30:49]}
{[%emt 00:00:32]} 3. Nc3 {[%clk 01:31:41]} {[%emt 00:00:10]} dxe4 {[%clk
01:30:45]} {[%emt 00:00:35]} 4. Nxe4 {[%clk 01:31:25]} {[%emt 00:00:46]} Bf5
{[%clk 01:30:30]} {[%emt 00:00:42]} 5. Ng3 {[%clk 01:31:34]} {[%emt 00:00:22]}
Bg6 {[%clk 01:30:03]} {[%emt 00:00:57]} 6. Nf3 {[%clk 01:31:34]} {[%emt
00:00:30]} e6 {[%clk 01:29:31]} {[%emt 00:01:01]} 7. Bf4 {[%clk 01:31:02]}
{[%emt 00:01:01]} c5 {[%clk 01:28:24]} {[%emt 00:01:39]} 8. Bb5+ {[%clk
01:29:28]} {[%emt 00:02:04]} Nc6 {[%clk 01:27:00]} {[%emt 00:01:53]} 9. Ne5
{[%clk 01:28:06]} {[%emt 00:01:53]} Nge7 {[%clk 01:25:30]} {[%emt 00:01:56]}
10. dxc5 {[%clk 01:24:52]} {[%emt 00:03:47]} Qxd1+ {[%clk 01:24:51]} {[%emt
00:01:10]} 11. Rxd1 {[%clk 01:25:02]} {[%emt 00:00:19]} Bxc2 {[%clk 01:25:10]}
{[%emt 00:00:11]} 12. Rd6 {[%clk 01:25:10]} {[%emt 00:00:22]} Rc8 {[%clk
01:24:49]} {[%emt 00:00:51]} 13. O-O {[%clk 01:22:44]} {[%emt 00:02:56]} Nd5
{[%clk 01:24:16]} {[%emt 00:01:04]} 14. Nxc6 {[%clk 01:21:14]} {[%emt
00:01:58]} Bxd6 {[%clk 01:24:04]} {[%emt 00:00:43]} 15. Nxa7+ {[%clk 01:20:32]}
{[%emt 00:01:12]} Ke7 {[%clk 01:22:02]} {[%emt 00:02:33]} 16. Nxc8+ {[%clk
01:19:50]} {[%emt 00:01:12]} Rxc8 {[%clk 01:22:17]} {[%emt 00:00:14]} 17. Bxd6+
{[%clk 01:19:48]} {[%emt 00:00:32]} Kf6 {[%clk 01:22:13]} {[%emt 00:00:35]} 18.
Rc1 {[%clk 01:19:53]} {[%emt 00:00:11]} Bg6 {[%emt 00:05:42]} 19. c6 {[%clk
01:18:54]} {[%emt 00:01:26]} h6 {[%clk 01:15:04]} {[%emt 00:02:43]} 20. c7
{[%clk 01:18:03]} {[%emt 00:01:21]} Bh7 {[%clk 01:14:06]} {[%emt 00:01:28]} 21.
Bd7 {[%clk 01:15:29]} {[%emt 00:03:04]} Rxc7 {[%clk 01:13:10]} {[%emt
00:01:28]} 22. Bxc7 {[%clk 01:15:32]} {[%emt 00:00:26]} Nxc7 {[%clk 01:13:24]}
{[%emt 00:00:15]} 23. Rxc7 {[%clk 01:15:53]} {[%emt 00:00:10]} Bb1 {[%clk
01:13:39]} {[%emt 00:00:14]} 24. a3 {[%clk 01:16:01]} {[%emt 00:00:22]} Ba2
{[%clk 01:12:16]} {[%emt 00:01:53]} 25. Rxb7 {[%clk 01:16:13]} {[%emt
00:00:18]} Bd5 {[%clk 01:11:55]} {[%emt 00:00:51]} 26. Rb4 {[%clk 01:15:44]}
{[%emt 00:00:59]} g5 {[%clk 01:11:37]} {[%emt 00:00:48]} 27. Kf1 {[%clk
01:15:32]} {[%emt 00:00:42]} Ke5 {[%clk 01:11:44]} {[%emt 00:00:24]} 28. Ke2
{[%clk 01:15:48]} {[%emt 00:00:14]} Bxg2 {[%clk 01:11:59]} {[%emt 00:00:14]}
29. f3 {[%clk 01:15:40]} {[%emt 00:00:37]} Kd6 {[%clk 01:12:12]} {[%emt
00:00:19]} 30. Be8 {[%clk 01:15:32]} {[%emt 00:00:37]} Ke7 {[%clk 01:12:28]}
{[%emt 00:00:12]} 31. Bc6 {[%clk 01:15:45]} {[%emt 00:00:20]} Kd6 {[%clk
01:12:34]} {[%emt 00:00:24]} 32. Be4 {[%clk 01:15:52]} {[%emt 00:00:22]} f5
{[%clk 01:12:53]} {[%emt 00:00:12]} 33. Bxf5 {[%clk 01:15:33]} {[%emt
00:00:48]} exf5 {[%clk 01:13:07]} {[%emt 00:00:16]} 34. Nxf5+ {[%clk 01:15:48]}
{[%emt 00:00:15]} Ke6 {[%clk 01:13:16]} {[%emt 00:00:21]} 35. Nxh6 {[%clk
01:15:51]} {[%emt 00:00:27]} Kf6 {[%clk 01:13:32]} {[%emt 00:00:15]} 36. a4
{[%clk 01:15:55]} {[%emt 00:00:26]} Bh3 {[%clk 01:13:40]} {[%emt 00:00:21]} 37.
Ng4+ {[%clk 01:15:48]} {[%emt 00:00:38]} Kf5 {[%emt 00:00:22]} 38. a5 {[%clk
01:15:50]} {[%emt 00:00:24]} Bxg4 {[%clk 01:14:07]} {[%emt 00:00:14]} 39. fxg4+
{[%clk 01:16:07]} {[%emt 00:00:13]} Ke6 {[%clk 01:14:05]} {[%emt 00:00:33]} 40.
a6 {[%clk 01:16:31]} {[%emt 00:00:07]} Ke5 {[%clk 01:14:29]} {[%emt 00:00:08]}
41. a7 {[%clk 01:16:53]} {[%emt 00:00:05]} Kd6 {[%clk 01:14:53]} {[%emt
00:00:05]} 42. a8=Q {[%emt 00:00:19]} Ke5 {[%emt 00:00:13]} 43. Qe4+ {[%clk
01:16:38]} {[%emt 00:00:13]} Kf6 {[%clk 01:15:12]} {[%emt 00:00:12]} 44. Rb6+
{[%clk 01:16:52]} {[%emt 00:00:15]} Kg7 {[%clk 01:15:27]} {[%emt 00:00:17]} 45.
Qe7+ {[%clk 01:17:06]} {[%emt 00:00:15]} Kg8 {[%clk 01:15:39]} {[%emt
00:00:18]} 46. Rb8# {[%clk 01:17:23]} {[%emt 00:00:13]} 1-0

[Event "ODJM C 2025"]
[Site "Willingen GER"]
[Date "2025.06.08"]
[Round "2"]
[White "Fels, Henri"]
[Black "Fabritius, Heinrich"]
[Result "0-1"]
[Termination "normal"]
[Board "25"]
[WhiteElo "940"]
[BlackElo "1224"]
[WhiteClock "00:21:19"]
[BlackClock "00:53:11"]
[PlyCount "54"]
[WhiteFideId "533043779"]
[BlackFideId "533026238"]
[EventCountry "GER"]
[EventRounds "9"]
[EventType "swiss"]
[EventDate "2025.06.07"]

1. d4 {[%clk 01:30:54]} {[%emt 00:00:05]} e6 {[%clk 01:30:52]} {[%emt
00:00:13]} 2. Nc3 {[%clk 01:30:56]} {[%emt 00:00:23]} d5 {[%clk 01:31:14]}
{[%emt 00:00:08]} 3. Bf4 {[%clk 01:31:05]} {[%emt 00:00:24]} c5 {[%clk
01:31:16]} {[%emt 00:00:23]} 4. e4 {[%clk 01:30:30]} {[%emt 00:01:05]} c4
{[%clk 01:25:59]} {[%emt 00:05:48]} 5. e5 {[%clk 01:27:57]} {[%emt 00:03:04]}
Nc6 {[%clk 01:24:05]} {[%emt 00:02:23]} 6. Nf3 {[%clk 01:27:14]} {[%emt
00:01:13]} Bb4 {[%clk 01:23:01]} {[%emt 00:01:34]} 7. a3 {[%clk 01:24:57]}
{[%emt 00:02:47]} Ba5 {[%clk 01:21:01]} {[%emt 00:02:30]} 8. b4 {[%clk
01:22:58]} {[%emt 00:02:30]} Bb6 {[%clk 01:20:47]} {[%emt 00:00:44]} 9. Be2
{[%clk 01:19:57]} {[%emt 00:03:30]} a6 {[%clk 01:19:16]} {[%emt 00:02:01]} 10.
O-O {[%clk 01:14:35]} {[%emt 00:05:51]} Nge7 {[%clk 01:19:35]} {[%emt
00:00:12]} 11. Qd2 {[%clk 01:10:40]} {[%emt 00:04:25]} O-O {[%clk 01:16:52]}
{[%emt 00:03:12]} 12. Rfd1 {[%clk 01:09:09]} {[%emt 00:02:02]} Nf5 {[%clk
01:12:57]} {[%emt 00:04:25]} 13. Be3 {[%clk 01:03:41]} {[%emt 00:05:56]} Nxe3
{[%clk 01:05:49]} {[%emt 00:07:40]} 14. Qxe3 {[%clk 00:58:57]} {[%emt
00:05:12]} Bd7 {[%clk 01:04:00]} {[%emt 00:02:21]} 15. Rd2 {[%clk 00:44:14]}
{[%emt 00:15:12]} a5 {[%clk 00:59:55]} {[%emt 00:04:36]} 16. b5 {[%clk
00:43:33]} {[%emt 00:01:12]} Ne7 {[%clk 00:59:21]} {[%emt 00:01:03]} 17. Qg5
{[%clk 00:39:03]} {[%emt 00:05:00]} a4 {[%clk 00:57:19]} {[%emt 00:02:32]} 18.
Rb1 {[%clk 00:38:04]} {[%emt 00:01:28]} Ba5 {[%clk 00:56:49]} {[%emt 00:01:01]}
19. Qe3 {[%clk 00:34:09]} {[%emt 00:04:22]} Nf5 {[%clk 00:56:40]} {[%emt
00:00:41]} 20. Qg5 {[%clk 00:31:12]} {[%emt 00:03:27]} Qxg5 {[%clk 00:55:57]}
{[%emt 00:01:13]} 21. Nxg5 {[%clk 00:31:03]} {[%emt 00:00:39]} Bxc3 {[%clk
00:56:06]} {[%emt 00:00:21]} 22. Rdd1 {[%clk 00:30:38]} {[%emt 00:00:54]} Nxd4
{[%clk 00:56:10]} {[%emt 00:00:27]} 23. Nf3 {[%clk 00:27:45]} {[%emt 00:03:23]}
Nxe2+ {[%clk 00:56:14]} {[%emt 00:00:26]} 24. Kf1 {[%clk 00:27:30]} {[%emt
00:00:45]} Nf4 {[%clk 00:55:58]} {[%emt 00:00:47]} 25. g3 {[%clk 00:27:26]}
{[%emt 00:00:33]} Ng6 {[%clk 00:56:04]} {[%emt 00:00:24]} 26. h4 {[%clk
00:23:58]} {[%emt 00:03:57]} Nxe5 {[%clk 00:52:55]} {[%emt 00:03:39]} 27. Nxe5
{[%clk 00:21:19]} {[%emt 00:03:11]} Bxe5 {[%clk 00:53:11]} {[%emt 00:00:14]}
0-1

[Event "ODJM C 2025"]
[Site "Willingen GER"]
[Date "2025.06.08"]
[Round "2"]
[White "Rafikov, Artur"]
[Black "Lohmüller, Leona"]
[Result "1-0"]
[Termination "normal"]
[Board "26"]
[WhiteElo "1423"]
[BlackElo "956"]
[WhiteClock "01:03:32"]
[BlackClock "01:17:59"]
[PlyCount "59"]
[WhiteFideId "34642676"]
[BlackFideId "533025517"]
[EventCountry "GER"]
[EventRounds "9"]
[EventType "swiss"]
[EventDate "2025.06.07"]

1. e4 {[%clk 01:30:57]} {[%emt 00:00:04]} e5 {[%clk 01:30:56]} {[%emt
00:00:03]} 2. Nf3 {[%clk 01:31:21]} {[%emt 00:00:11]} Nc6 {[%clk 01:31:19]}
{[%emt 00:00:01]} 3. Bb5 {[%clk 01:31:41]} {[%emt 00:00:11]} Nf6 {[%clk
01:31:43]} {[%emt 00:00:06]} 4. O-O {[%clk 01:31:46]} {[%emt 00:00:25]} d6
{[%clk 01:31:37]} {[%emt 00:00:35]} 5. Re1 {[%clk 01:31:24]} {[%emt 00:00:52]}
Be7 {[%clk 01:31:59]} {[%emt 00:00:09]} 6. d3 {[%clk 01:31:27]} {[%emt
00:00:25]} a6 {[%clk 01:32:17]} {[%emt 00:00:14]} 7. Ba4 {[%clk 01:31:27]}
{[%emt 00:00:29]} O-O {[%clk 01:32:31]} {[%emt 00:00:17]} 8. Bg5 {[%clk
01:31:46]} {[%emt 00:00:10]} b5 {[%clk 01:32:15]} {[%emt 00:00:47]} 9. Bb3
{[%clk 01:32:05]} {[%emt 00:00:11]} Nd4 {[%clk 01:30:29]} {[%emt 00:02:17]} 10.
Nxd4 {[%clk 01:31:29]} {[%emt 00:01:04]} exd4 {[%clk 01:30:46]} {[%emt
00:00:13]} 11. c3 {[%clk 01:31:16]} {[%emt 00:00:44]} dxc3 {[%clk 01:30:50]}
{[%emt 00:00:26]} 12. Nxc3 {[%clk 01:31:16]} {[%emt 00:00:30]} b4 {[%clk
01:31:05]} {[%emt 00:00:15]} 13. Ne2 {[%clk 01:31:03]} {[%emt 00:00:42]} c6
{[%clk 01:30:42]} {[%emt 00:00:53]} 14. Ng3 {[%clk 01:29:24]} {[%emt 00:02:09]}
d5 {[%clk 01:29:56]} {[%emt 00:01:17]} 15. e5 {[%clk 01:23:47]} {[%emt
00:06:07]} Ng4 {[%clk 01:29:27]} {[%emt 00:00:59]} 16. Bxe7 {[%clk 01:22:48]}
{[%emt 00:01:28]} Qxe7 {[%clk 01:29:51]} {[%emt 00:00:06]} 17. d4 {[%clk
01:22:26]} {[%emt 00:00:53]} c5 {[%clk 01:30:08]} {[%emt 00:00:13]} 18. Bxd5
{[%clk 01:21:33]} {[%emt 00:00:54]} Bb7 {[%clk 01:29:27]} {[%emt 00:01:39]} 19.
Bxb7 {[%clk 01:21:20]} {[%emt 00:00:43]} Qxb7 {[%clk 01:29:50]} {[%emt
00:00:08]} 20. Qxg4 {[%clk 01:21:02]} {[%emt 00:00:47]} cxd4 {[%clk 01:30:01]}
{[%emt 00:00:21]} 21. Qxd4 {[%clk 01:20:18]} {[%emt 00:01:13]} Rad8 {[%clk
01:29:51]} {[%emt 00:00:40]} 22. Qf4 {[%clk 01:18:27]} {[%emt 00:02:20]} b3
{[%clk 01:29:23]} {[%emt 00:00:59]} 23. a3 {[%clk 01:17:47]} {[%emt 00:01:09]}
Rd7 {[%clk 01:26:39]} {[%emt 00:03:14]} 24. Rab1 {[%clk 01:11:58]} {[%emt
00:06:19]} Qb6 {[%clk 01:24:30]} {[%emt 00:02:40]} 25. Qg4 {[%clk 01:11:35]}
{[%emt 00:00:52]} Rd4 {[%clk 01:23:27]} {[%emt 00:01:32]} 26. Qf3 {[%clk
01:08:18]} {[%emt 00:03:49]} Rd2 {[%clk 01:20:56]} {[%emt 00:03:01]} 27. Rf1
{[%clk 01:07:02]} {[%emt 00:01:45]} f6 {[%clk 01:17:40]} {[%emt 00:03:47]} 28.
Nf5 {[%clk 01:03:45]} {[%emt 00:03:47]} fxe5 {[%clk 01:17:50]} {[%emt
00:00:20]} 29. Ne7+ {[%clk 01:03:49]} {[%emt 00:00:21]} Kh8 {[%clk 01:17:59]}
{[%emt 00:00:25]} 30. Qxf8# {[%clk 01:03:32]} {[%emt 00:00:10]} 1-0